[Event "POL-chT3 U19 Slaska"]
[Site "Slask"]
[Date "2007.05.20"]
[Round "10.24"]
[White "Kazibudzka, Zuzanna"]
[Black "Wieczorek, Sandra"]
[Result "0-1"]
[WhiteElo "1600"]
[BlackElo "1600"]
[PlyCount "68"]
[EventDate "2007.01.27"]
[EventType "team-tourn"]
[EventRounds "11"]
[EventCountry "POL"]
[SourceTitle "EXT 2019"]
[Source "ChessBase"]
[SourceDate "2018.10.10"]
[SourceVersion "1"]
[SourceVersionDate "2018.10.10"]
[SourceQuality "1"]
[WhiteTeam "Katowice UKS Palac Mlodziezy U19"]
[BlackTeam "Rybnik MKSz U19 II"]
[WhiteTeamCountry "POL"]
[BlackTeamCountry "POL"]

1. d4 Nf6 2. e3 g6 3. Bd3 Bg7 4. Nf3 b6 5. 0-0 Bb7 6. b3 0-0 7. Bb2 d6 8. Nbd2 Nbd7 9. Rc1 c5 10. c4 d5 11. Qc2 Rc8 12. Rfe1 dxc4 13. Bxc4 cxd4 14. Bxd4 b5 15. Bxa7 bxc4 16. Nxc4 Bxf3 17. gxf3 Ne5 18. Qe2 Nxc4 19. Rxc4 Rxc4 20. Qxc4 Qa8 21. Bc5 Rc8 22. Qb4 e6 23. e4 Qxa2 24. Kh1 Qc2 25. Be3 Qc7 26. Rg1 Rb8 27. Qa3 Qc3 28. Rb1 h6 29. Qa4 g5 30. b4 g4 31. Rg1 h5 32. Qa5 gxf3 33. Bh6 Ng4 34. Qxh5 Nxf2# 0-1

[Event "POL-chT3 U19 Slaska"]
[Site "Slask"]
[Date "2007.04.22"]
[Round "8.18"]
[White "Kazibudzka, Zuzanna"]
[Black "Gorol, Dominika"]
[Result "1/2-1/2"]
[WhiteElo "1600"]
[BlackElo "1600"]
[PlyCount "61"]
[EventDate "2007.01.27"]
[EventType "team-tourn"]
[EventRounds "11"]
[EventCountry "POL"]
[SourceTitle "EXT 2019"]
[Source "ChessBase"]
[SourceDate "2018.10.10"]
[SourceVersion "1"]
[SourceVersionDate "2018.10.10"]
[SourceQuality "1"]
[WhiteTeam "Katowice UKS Palac Mlodziezy U19"]
[BlackTeam "Gliwice Politechnika Slaska U19 II"]
[WhiteTeamCountry "POL"]
[BlackTeamCountry "POL"]

1. d4 d5 2. e3 Nf6 3. c3 Nc6 4. f4 Bf5 5. Bd3 e6 6. Nf3 Bd6 7. 0-0 0-0 8. Bxf5 exf5 9. b3 Re8 10. Ne5 Ne4 11. Bb2 Bxe5 12. fxe5 Qg5 13. Rf3 Re6 14. Qe2 Rg6 15. Nd2 Rh6 16. Nxe4 fxe4 17. Rg3 Qh4 18. Rh3 Qg5 19. Rxh6 Qxh6 20. Qf2 Re8 21. Ba3 Re6 22. Rf1 Qh5 23. h3 Ne7 24. Bb4 b6 25. Ba3 Nc6 26. c4 Ne7 27. Bxe7 Rxe7 28. cxd5 Rd7 29. Qf4 Rxd5 30. Qxe4 c6 31. Qf4 1/2-1/2